01273nam a22002777a 45000010005000000030006000050050017000110080041000280200018000690400029000870500019001160820010001351000027001452450044001722600044002163000042002605050007003025200410003095210019007195210018007386500035007566500040007919420015008319990015008469520134008618767FISKH20251020082649.0251020b cb ||||| |||| 00| 0 eng d a9780194791168 aFISKHbengcFISKHdFISKH aPE1126.A4 N632 a428.6 aShelley, Mary eAuthor aFrankenstein /cRetold by Patrick Nobes aNew York : bOxford University , c1989 a72 pages : billustrations ; c20 cm  aN  aVictor Frankenstein thinks he has found the secret of life. He takes parts from dead people and builds a new 'man'. But this monster is so big and frightening that everyone runs away from him - even Frankenstein himself! The monster is like an enormous baby who needs love. But nobody gives him love, and soon he learns to hate. And, because he is so strong, the next thing he learns is how to kill . . . 8 a670 bLexile 8 aN bRaz-Plus  aFantasy & horrorvFrankenstein aOxford Bookworms vPre-intermediate 2ddccBKn0 c8767d8767 00102ddc4070a002b002cTTP Oranged2025-10-20l0oSHE 428.6 PE1126.A4 N632p2025-4654r2025-10-20 08:26:44t1w2025-10-20yBK